La pintura española / (Record no. 124590)

MARC details
000 -LEADER
campo de control de longitud fija 00819nam a2200229 i 4500
001 - NÚMERO DE CONTROL
campo de control 124590
003 - IDENTIFICADOR DE NÚMERO DE CONTROL
campo de control ES-MaACL
005 - FECHA Y HORA DE LA ÚLTIMA TRANSACCIÓN
campo de control 20250930063119.0
007 - CAMPO FIJO DE DESCRIPCIÓN FÍSICA--INFORMACIÓN GENERAL
campo de control de longitud fija t|
008 - DATOS DE LONGITUD FIJA--INFORMACIÓN GENERAL
campo de control de longitud fija 070409s1949 sp ||||1| spa d
080 ## - NÚMERO DE LA CLASIFICACIÓN DECIMAL UNIVERSAL
Número de la Clasificación Decimal Universal 75(46)(023)
100 1# - ENTRADA PRINCIPAL--NOMBRE DE PERSONA
Nombre de persona Mayer, August Liebmann,
Fechas asociadas al nombre 1885-1944
9 (RLIN) 79345
245 13 - MENCIÓN DEL TÍTULO
Título La pintura española /
Mención de responsabilidad, etc. August L. Mayer ; cuarta edición revisada y ampliada con dos capítulos sobre la pintura del siglo XIX y la pintura del siglo XX por A. Cirici Pellicer.
250 ## - MENCION DE EDICION
Mención de edición 4ª ed.
260 ## - PUBLICACIÓN, DISTRIBUCIÓN, ETC.
Lugar de publicación, distribución, etc. Barcelona :
Nombre del editor, distribuidor, etc. Labor,
Fecha de publicación, distribución, etc. [1949]
300 ## - DESCRIPCIÓN FÍSICA
Extensión 299 p., LXXX p. lám. :
Otras características físicas il. col. ;
Dimensiones 17 cm.
490 1# - MENCIÓN DE SERIE
Mención de serie Colección Labor ;
Designación de volumen o secuencia 447, 449
700 1# - ENTRADA AGREGADA--NOMBRE PERSONAL
Nombre de persona Cirici, Alexandre.
9 (RLIN) 38890
830 00 - PUNTO DE ACCESO ADICIONAL DE SERIE-TÍTULO UNIFORME
Título uniforme Colección Labor
Designación de volumen o secuencia 447, 449
9 (RLIN) 184254
852 ## - LOCALIZACIÓN
Ubicación ES-MaACL
Número de control de estantería E-2893
Holdings
Estatus retirado Estado de pérdida Estado de daño No para préstamo Biblioteca de origen Biblioteca actual Ubicación en estantería Fecha de adquisición Fuente de adquisición Total de préstamos Signatura topográfica completa Código de barras Visto por última vez Precio de reemplazo Tipo de ítem Koha
        Biblioteca del Ateneo de Madrid Biblioteca del Ateneo de Madrid Depósito 2 17/01/2008     E-2893 1129807 23/02/2023 23/02/2023 Libro impreso